[Event "3rd VAM op"]
[Site "Hoogeveen NED"]
[Date "1999.10.21"]
[Round "7.12"]
[White "Cifuentes Parada, Roberto"]
[Black "Westerinen, Heikki"]
[Result "1/2-1/2"]
[WhiteElo "2506"]
[BlackElo "2382"]
[EventDate "1999.10.15"]
[PlyCount "110"]

1.d4 d5 2.c4 c5 3.e3 Nf6 4.Nc3 e6 5.Nf3 Nc6 6.dxc5 Bxc5 7.a3 O-O 8.b4 Be7 
9.Bb2 a6 10.cxd5 exd5 11.Be2 Bg4 12.O-O Qd7 13.Rc1 Rad8 14.Na4 Ne4 15.Nd4 
Bxe2 16.Nxe2 Qf5 17.Nd4 Nxd4 18.Qxd4 Bf6 19.Qd3 Bxb2 20.Nxb2 Qe5 21.Rc2 
Rd6 22.Rd1 Rfd8 23.Qd4 Qxd4 24.Rxd4 Rc6 25.Rxc6 bxc6 26.f3 Ng5 27.Rd2 Ne6 
28.Nd3 f6 29.Rc2 Rc8 30.Nc5 Nxc5 31.Rxc5 Kf7 32.Ra5 Ra8 33.Kf2 Ke7 34.e4 
dxe4 35.fxe4 Kd6 36.Ke3 Kc7 37.g4 Kb6 38.h4 Rc8 39.Rc5 Rd8 40.g5 Rd1 41.
gxf6 gxf6 42.a4 Rb1 43.a5+ Kc7 44.Rf5 Rxb4 45.Rxf6 Rb5 46.Rf7+ Kd6 47.Rxh7
Rxa5 48.Rh6+ Ke7 49.Kf4 Rc5 50.h5 a5 51.Rh8 Kf7 52.e5 Rc1 53.Rh7+ Ke6 54.
Rh6+ Ke7 55.Rh7+ Ke6 1/2-1/2

[Event "3rd VAM op"]
[Site "Hoogeveen NED"]
[Date "1999.10.21"]
[Round "7.13"]
[White "Moll, Arne"]
[Black "Tare, Marenglan"]
[Result "0-1"]
[WhiteElo "2172"]
[BlackElo "2139"]
[EventDate "1999.10.15"]
[PlyCount "72"]

1.e4 e6 2.d4 d5 3.Nc3 Nf6 4.Bg5 Be7 5.e5 Nfd7 6.h4 a6 7.Qg4 Kf8 8.f4 c5 9.
dxc5 Nc6 10.O-O-O Qa5 11.Bxe7+ Nxe7 12.h5 h6 13.Qf3 Nxc5 14.g4 b5 15.f5 b4
16.f6 bxc3 17.fxg7+ Kxg7 18.Qf6+ Kg8 19.Bc4 Qb4 20.Bb3 cxb2+ 21.Kxb2 Na4+ 
22.Kc1 Nc3 23.Re1 Qa3+ 24.Kd2 Ne4+ 25.Rxe4 dxe4 26.g5 Qb4+ 27.Ke2 Nf5 28.
Rh3 Qe7 29.g6 Bd7 30.Ke1 fxg6 31.Qxg6+ Kf8 32.Ne2 Rg8 33.Nf4 Qg5 34.Nxe6+ 
Bxe6 35.Qxe6 Qc1+ 36.Kf2 Qg1+ 0-1

[Event "3rd VAM op"]
[Site "Hoogeveen NED"]
[Date "1999.10.21"]
[Round "7.14"]
[White "Pel, Bonno"]
[Black "Hendriks, Willy"]
[Result "0-1"]
[WhiteElo "2224"]
[BlackElo "2378"]
[EventDate "1999.10.15"]
[PlyCount "63"]

1.Nc3 c5 2.Nf3 Nc6 3.d4 cxd4 4.Nxd4 g6 5.g3 Bg7 6.Nb3 d6 7.Bg2 Be6 8.Nd5 
Rc8 9.O-O Nf6 10.e4 O-O 11.Bg5 Bxd5 12.exd5 Ne5 13.Qe2 Re8 14.Rad1 Qd7 15.
Nd4 Rc5 16.f4 Nc4 17.b3 Nb2 18.Rd2 Nxd5 19.Bxd5 Rxd5 20.Qe4 Ra5 21.c3 e5 
22.Nf3 h6 23.Bh4 exf4 24.Qb1 Bxc3 25.Rg2 Re3 26.gxf4 Nd3 27.Qc2 Nxf4 28.
Rg3 Ne2+ 29.Kf2 Nxg3 30.Bxg3 Rxf3+ 31.Kxf3 Rf5+ 32.Bf4 0-1

[Event "3rd VAM op"]
[Site "Hoogeveen NED"]
[Date "1999.10.21"]
[Round "7.16"]
[White "Klinova, Masha"]
[Black "Erwich, Marc"]
[Result "1/2-1/2"]
[WhiteElo "2359"]
[BlackElo "2059"]
[EventDate "1999.10.15"]
[PlyCount "114"]

1.e4 e5 2.Nf3 Nc6 3.Bc4 Bc5 4.c3 Nf6 5.d3 d6 6.Nbd2 O-O 7.Bb3 a6 8.O-O Ba7
9.h3 h6 10.Re1 Nh5 11.Nf1 Qf6 12.Bc2 g5 13.Ne3 Nf4 14.Nf5 Bxf5 15.exf5 d5 
16.Nh2 Qxf5 17.Ng4 Kg7 18.d4 e4 19.f3 Rae8 20.fxe4 dxe4 21.Bxf4 gxf4 22.
Nf2 Qb5 23.Bxe4 f5 24.Bxc6 Qxc6 25.Nd3 Re4 26.Qf3 Rfe8 27.Rxe4 fxe4 28.
Qg4+ Qg6 29.Qxg6+ Kxg6 30.Nxf4+ Kg5 31.g3 c5 32.d5 c4+ 33.Kg2 Bb8 34.Ne6+ 
Kf6 35.Nc5 Ke5 36.Nxe4 Rf8 37.Nc5 Kxd5 38.Nd7 Rh8 39.Rd1+ Kc6 40.Nxb8+ 
Rxb8 41.Rd4 b5 42.Rf4 Rd8 43.g4 a5 44.Kg3 Rd2 45.Rf2 Rd3+ 46.Kh4 b4 47.
Rf6+ Kb5 48.Rf5+ Kb6 49.Rf6+ Kb5 50.Rxh6 Rd2 51.Rh5+ Kb6 52.a3 b3 53.g5 
Rxb2 54.Rh8 Kb7 55.Rh7+ Kb6 56.Rh6+ Kb7 57.Rh7+ Kb6 1/2-1/2

[Event "3rd VAM op"]
[Site "Hoogeveen NED"]
[Date "1999.10.21"]
[Round "7.17"]
[White "Hulshof, Peter"]
[Black "Van der Veen, Jan"]
[Result "1-0"]
[WhiteElo "2195"]
[BlackElo "2090"]
[EventDate "1999.10.15"]
[PlyCount "81"]

1.g3 Nf6 2.Bg2 e5 3.d3 Nc6 4.c3 d5 5.d4 h6 6.Nf3 e4 7.Ne5 Nxe5 8.dxe5 Ng4 
9.c4 d4 10.Bxe4 Nxe5 11.O-O Be7 12.Qc2 c5 13.Rd1 Qc7 14.Bf4 g5 15.Bxe5 
Qxe5 16.e3 O-O 17.exd4 cxd4 18.Nd2 Rd8 19.Bd5 Bf5 20.Qb3 Qc7 21.Re1 Rab8 
22.Qf3 Bg6 23.Ne4 b5 24.b3 bxc4 25.bxc4 Kg7 26.Qd3 Bc5 27.Re2 Re8 28.Rae1 
Qb6 29.Kg2 Bh5 30.Nf6 Bxe2 31.Qh7+ Kxf6 32.Qxf7+ Ke5 33.Rxe2+ Kd6 34.Rxe8 
Rxe8 35.Qxe8 d3 36.Qg6+ Ke5 37.Qxd3 Bxf2 38.Qe2+ Be3 39.Kf3 g4+ 40.Kxg4 
Qd4+ 41.Kf3 1-0

[Event "3rd VAM op"]
[Site "Hoogeveen NED"]
[Date "1999.10.21"]
[Round "7.18"]
[White "Tikkanen, Kari"]
[Black "Smeets, Jan"]
[Result "0-1"]
[WhiteElo "2332"]
[BlackElo "2193"]
[EventDate "1999.10.15"]
[PlyCount "92"]

1.Nf3 d5 2.b3 c6 3.Bb2 Bf5 4.e3 e6 5.Be2 Nd7 6.O-O h6 7.c4 Ngf6 8.d4 Bd6 
9.Nbd2 O-O 10.Ne5 Rc8 11.f4 c5 12.Bf3 Bh7 13.Qe2 Bb8 14.Rfd1 Re8 15.Kh1 
Qe7 16.Ba3 b6 17.Rac1 Bd6 18.g3 Ne4 19.Nxe4 dxe4 20.Bg2 Nb8 21.Bb2 f6 22.
Ng4 Nc6 23.Ba1 Rcd8 24.Nf2 f5 25.Qc2 Rd7 26.Bc3 Red8 27.d5 exd5 28.Rxd5 
Nb4 29.Bxb4 cxb4 30.g4 Bc5 31.Rcd1 Bxe3 32.gxf5 Rxd5 33.cxd5 Bxf2 34.Qxf2 
Bxf5 35.Qd4 Qc5 36.Qe5 Bg4 37.Rg1 Qxd5 38.Qe7 a5 39.h3 Bh5 40.f5 Rd7 41.
Qe6+ Qxe6 42.fxe6 Rd1 43.Bxe4 Kf8 44.Rxd1 Bxd1 45.Kg2 Ke7 46.Bf5 Kf6 0-1

[Event "3rd VAM op"]
[Site "Hoogeveen NED"]
[Date "1999.10.21"]
[Round "7.19"]
[White "Barsov, Alexei"]
[Black "Rantanen, Yrjo"]
[Result "1-0"]
[WhiteElo "2539"]
[BlackElo "2358"]
[EventDate "1999.10.15"]
[PlyCount "41"]

1.d4 Nf6 2.c4 g6 3.Nc3 Bg7 4.e4 d6 5.Nf3 O-O 6.h3 Na6 7.Be3 Qe8 8.Bd3 e5 
9.O-O Nh5 10.Re1 c6 11.Bf1 b6 12.a3 c5 13.dxe5 dxe5 14.Nd5 f5 15.exf5 gxf5
16.Nxe5 Bxe5 17.Bh6 Nb8 18.Bxf8 Kxf8 19.Nc7 Qe7 20.Nxa8 Nf4 21.Rxe5 1-0

[Event "3rd VAM op"]
[Site "Hoogeveen NED"]
[Date "1999.10.21"]
[Round "7.20"]
[White "De Jong, Migchiel"]
[Black "Bosch, Jeroen"]
[Result "1/2-1/2"]
[WhiteElo "2317"]
[BlackElo "2433"]
[EventDate "1999.10.15"]
[PlyCount "39"]

1.e4 c5 2.Nf3 d6 3.d4 cxd4 4.Nxd4 Nf6 5.f3 Nc6 6.c4 Qb6 7.Nc2 g6 8.Nc3 Bg7
9.Rb1 Ng4 10.Qd2 Bh6 11.Qe2 Bxc1 12.Nd5 Qd8 13.Rxc1 e6 14.Nc3 Nf6 15.Qd2 
O-O 16.Be2 Qb6 17.Na4 Qc7 18.O-O e5 19.Nc3 Be6 20.Kh1 1/2-1/2

[Event "3rd VAM op"]
[Site "Hoogeveen NED"]
[Date "1999.10.21"]
[Round "7.21"]
[White "Markus, John Raymond"]
[Black "Amesz, Jaap"]
[Result "1-0"]
[WhiteElo "2156"]
[BlackElo "2217"]
[EventDate "1999.10.15"]
[PlyCount "47"]

1.d4 Nf6 2.Nf3 c5 3.e3 d5 4.c3 Nc6 5.Nbd2 Bg4 6.dxc5 a5 7.Qa4 Bd7 8.Bb5 e5
9.e4 Qc7 10.exd5 Nxd5 11.O-O Be7 12.Ne4 O-O 13.Rd1 Nf6 14.Nxf6+ gxf6 15.
Bh6 Rfd8 16.Qh4 Kh8 17.Bd3 f5 18.Bg5 e4 19.Bxe7 Nxe7 20.Ng5 Kg7 21.Qxh7+ 
Kf6 22.Qxf7+ Kxg5 23.Qxe7+ Kh6 24.Be2 1-0

[Event "3rd VAM op"]
[Site "Hoogeveen NED"]
[Date "1999.10.21"]
[Round "7.23"]
[White "Jonitz, Jens"]
[Black "Neverov, Valeriy"]
[Result "0-1"]
[WhiteElo "2316"]
[BlackElo "2549"]
[EventDate "1999.10.15"]
[PlyCount "84"]

1.e4 c5 2.Nf3 d6 3.d4 cxd4 4.Nxd4 Nf6 5.Nc3 a6 6.Bg5 e6 7.f4 Qb6 8.Qd2 
Qxb2 9.Rb1 Qa3 10.f5 Nc6 11.fxe6 fxe6 12.Nxc6 bxc6 13.Be2 Be7 14.O-O Qa5 
15.Rb3 Ra7 16.e5 Qxe5 17.Bf4 Qa5 18.Qe3 Qc7 19.Ne4 Nxe4 20.Qxe4 O-O 21.Rh3
g6 22.Bd3 Rf6 23.Be3 d5 24.Qa4 Rxf1+ 25.Bxf1 Rb7 26.Qxa6 Rb1 27.Qa4 Rb4 
28.Qa8 Rb8 29.Qa4 Rb4 30.Qa8 Qb7 31.Qa5 Rb1 32.Rf3 e5 33.Bc5 Bf5 34.Bxe7 
Qxe7 35.Qa8+ Kg7 36.Qxc6 Be4 37.Rf2 h5 38.c4 Rc1 39.Rb2 Bd3 40.Rf2 Bxc4 
41.a4 Qa7 42.Qf6+ Kh7 0-1

[Event "3rd VAM op"]
[Site "Hoogeveen NED"]
[Date "1999.10.21"]
[Round "7.24"]
[White "Erwich, Frank"]
[Black "Van Kooten, Luuk"]
[Result "1/2-1/2"]
[WhiteElo "2196"]
[BlackElo "2331"]
[EventDate "1999.10.15"]
[PlyCount "51"]

1.e4 e5 2.Nf3 Nc6 3.d4 exd4 4.Bc4 Nf6 5.e5 d5 6.Bb5 Ne4 7.Nxd4 Bd7 8.Bxc6 
bxc6 9.O-O Be7 10.f3 Nc5 11.f4 Ne4 12.Nc3 Nxc3 13.bxc3 c5 14.Nb3 c4 15.Nd4
c5 16.Ne2 Bc6 17.f5 d4 18.Nf4 dxc3 19.Qg4 Qd4+ 20.Kh1 g5 21.fxg6 hxg6 22.
e6 O-O-O 23.exf7+ Kb7 24.Qe6 Bd6 25.Be3 Qe4 26.Qxe4 1/2-1/2

[Event "3rd VAM op"]
[Site "Hoogeveen NED"]
[Date "1999.10.22"]
[Round "8.1"]
[White "Podgaets, Mikhail"]
[Black "Brodsky, Mikhail"]
[Result "1/2-1/2"]
[WhiteElo "2490"]
[BlackElo "2512"]
[EventDate "1999.10.15"]
[PlyCount "117"]

1.d4 Nf6 2.c4 e6 3.Nc3 Bb4 4.e3 O-O 5.Ne2 d5 6.a3 Bd6 7.c5 Be7 8.Ng3 b6 9.
b4 a5 10.Bd2 c6 11.Bd3 Ba6 12.Bc2 Nbd7 13.Nge2 Bc4 14.Rb1 axb4 15.axb4 Qc7
16.f3 e5 17.cxb6 Qxb6 18.Kf2 Rfe8 19.Re1 Bd6 20.Na4 Qa7 21.Bc3 Qc7 22.dxe5
Bxe5 23.Bxe5 Qxe5 24.Nd4 Qd6 25.Kg1 g6 26.Qd2 Rab8 27.Qc3 h5 28.Nc5 h4 29.
Nxd7 Nxd7 30.e4 Qf6 31.Ne2 Bxe2 32.Qxf6 Nxf6 33.Rxe2 dxe4 34.Bxe4 Nxe4 35.
Rxe4 Rxe4 36.fxe4 Rb5 37.Rc1 Rxb4 38.Rxc6 Rxe4 39.h3 Kg7 40.Kf2 Rf4+ 41.
Kg1 Kh6 42.Rc5 f5 43.Rc6 Kg5 44.Ra6 Rb4 45.Rc6 Ra4 46.Rb6 Ra2 47.Rc6 Kh5 
48.Rb6 Re2 49.Ra6 g5 50.Rf6 Re5 51.Kh2 g4 52.hxg4+ fxg4 53.Ra6 Kg5 54.Ra4 
Re1 55.Ra5+ Kf4 56.Ra4+ Re4 57.Ra3 Ke5 58.Ra5+ Kd4 59.Rh5 1/2-1/2

[Event "3rd VAM op"]
[Site "Hoogeveen NED"]
[Date "1999.10.22"]
[Round "8.2"]
[White "Rantanen, Yrjo"]
[Black "Jonkman, Harmen"]
[Result "0-1"]
[WhiteElo "2358"]
[BlackElo "2421"]
[EventDate "1999.10.15"]
[PlyCount "36"]

1.c4 e6 2.d4 d5 3.Nc3 Nf6 4.cxd5 exd5 5.Bg5 c6 6.Qc2 Na6 7.e3 Nb4 8.Qd2 
Bf5 9.Rc1 a5 10.a3 Na6 11.Nf3 Be7 12.Ne5 O-O 13.Bd3 Bxd3 14.Nxd3 Nd7 15.
Bxe7 Qxe7 16.Nb1 Nc7 17.b3 Nb5 18.a4 Nxd4 0-1

[Event "3rd VAM op"]
[Site "Hoogeveen NED"]
[Date "1999.10.22"]
[Round "8.4"]
[White "Van der Erf, Remco"]
[Black "Pel, Bonno"]
[Result "0-1"]
[WhiteElo "2206"]
[BlackElo "2224"]
[EventDate "1999.10.15"]
[PlyCount "118"]

1.d4 d6 2.e4 Nf6 3.Nc3 g6 4.Bg5 c6 5.Qd2 Nbd7 6.f4 b5 7.Bd3 Qc7 8.Nf3 b4 
9.Ne2 d5 10.Bxf6 exf6 11.O-O dxe4 12.Bxe4 f5 13.Bd3 Bd6 14.c4 bxc3 15.Qe3+
Kf8 16.bxc3 Kg7 17.Ne5 Re8 18.Qf3 Nf6 19.Rab1 Ne4 20.Rb2 Ba3 21.Rc2 Rb8 
22.Nc4 Bf8 23.Ng3 Nf6 24.Ne5 Bb7 25.c4 Rbd8 26.Ne2 Ne4 27.c5 Bc8 28.Rb2 f6
29.Nc4 Qd7 30.Rd1 Nc3 31.Nxc3 Qxd4+ 32.Kh1 Qxc3 33.Rbd2 Be6 34.Nd6 Bxd6 
35.cxd6 Rxd6 36.Rc2 Qa5 37.Rxc6 Bd5 38.Rxd6 Bxf3 39.gxf3 Re1+ 40.Rxe1 
Qxe1+ 41.Kg2 Qd2+ 42.Kg3 Qxa2 43.Ra6 Qf7 44.h4 Qc7 45.h5 g5 46.Kg2 Qxf4 
47.Rxa7+ Kh6 48.Rd7 Qd2+ 49.Kg3 Qe1+ 50.Kg2 Qe6 51.Bb5 Qa2+ 52.Kg3 Kxh5 
53.Rxh7+ Kg6 54.Rb7 f4+ 55.Kh3 g4+ 56.Kxg4 Qg2+ 57.Kxf4 Qg5+ 58.Ke4 Qe5+ 
59.Kd3 Qd5+ 0-1

[Event "3rd VAM op"]
[Site "Hoogeveen NED"]
[Date "1999.10.22"]
[Round "8.6"]
[White "Tare, Marenglan"]
[Black "Tikkanen, Kari"]
[Result "1/2-1/2"]
[WhiteElo "2139"]
[BlackElo "2332"]
[EventDate "1999.10.15"]
[PlyCount "82"]

1.c4 b6 2.Nc3 Bb7 3.d4 e6 4.e3 f5 5.Nf3 Nf6 6.Be2 Bb4 7.Bd2 O-O 8.O-O Qe7 
9.a3 Bxc3 10.Bxc3 Ne4 11.Qc2 d6 12.b4 Nd7 13.Bb2 Ng5 14.Qd1 Ne4 15.Rc1 c5 
16.Qd3 f4 17.Ne1 cxb4 18.axb4 Qg5 19.Nf3 Qh6 20.Rc2 fxe3 21.Qxe3 Qxe3 22.
fxe3 a5 23.Ba3 axb4 24.Bxb4 Ra4 25.Rb2 Rfa8 26.Bd3 Ndf6 27.h3 Ra2 28.Rfb1 
Rxb2 29.Rxb2 Ra1+ 30.Kh2 h6 31.Nd2 Nf2 32.Bf1 Nd1 33.Rb3 Ra2 34.Kg1 d5 35.
Be2 Ra1 36.Kh2 dxc4 37.Bxc4 Nd5 38.Bxd5 Bxd5 39.Rd3 Nf2 40.Ra3 Rh1+ 41.Kg3
Nd1 1/2-1/2

[Event "3rd VAM op"]
[Site "Hoogeveen NED"]
[Date "1999.10.22"]
[Round "8.10"]
[White "Plasman, Hans"]
[Black "Van der Weide, Karel"]
[Result "1-0"]
[WhiteElo "2152"]
[BlackElo "2434"]
[EventDate "1999.10.15"]
[PlyCount "43"]

1.e4 e6 2.d4 d5 3.Nc3 dxe4 4.Nxe4 Nd7 5.Nf3 Ngf6 6.Nxf6+ Nxf6 7.Bd3 c5 8.
dxc5 Bxc5 9.Qe2 Qc7 10.Bg5 Bd7 11.O-O-O O-O-O 12.Kb1 Bc6 13.Ne5 Bxg2 14.
Rhg1 Bc6 15.Bh4 Rd4 16.Rxg7 Rxh4 17.Rxf7 Qb6 18.Nxc6 bxc6 19.Ba6+ Kb8 20.
Qe5+ Ka8 21.Bb7+ Qxb7 22.Rxb7 1-0

[Event "3rd VAM op"]
[Site "Hoogeveen NED"]
[Date "1999.10.22"]
[Round "8.11"]
[White "Erwich, Marc"]
[Black "Visser, Yge"]
[Result "0-1"]
[WhiteElo "2059"]
[BlackElo "2378"]
[EventDate "1999.10.15"]
[PlyCount "48"]

1.e4 e6 2.d4 d5 3.e5 c5 4.c3 Nc6 5.Nf3 Nh6 6.a3 Nf5 7.b4 cxd4 8.cxd4 Bd7 
9.Be2 h5 10.O-O Be7 11.Be3 g5 12.Nc3 g4 13.Ne1 f6 14.Bd3 Nxe3 15.fxe3 f5 
16.Qb1 Bg5 17.Nxd5 exd5 18.Bxf5 O-O 19.e6 Be8 20.Nc2 Ne7 21.Bh7+ Kg7 22.
Rxf8 Kxf8 23.Qe1 Ng6 24.Qg3 Bh4 0-1

[Event "3rd VAM op"]
[Site "Hoogeveen NED"]
[Date "1999.10.22"]
[Round "8.12"]
[White "Hendriks, Willy"]
[Black "Cifuentes Parada, Roberto"]
[Result "0-1"]
[WhiteElo "2378"]
[BlackElo "2506"]
[EventDate "1999.10.15"]
[PlyCount "82"]

1.e4 c5 2.Nf3 Nc6 3.d4 cxd4 4.Nxd4 Nf6 5.Nc3 d6 6.Bc4 Bd7 7.Bb3 g6 8.f3 
Bg7 9.Be3 O-O 10.Qd2 Nxd4 11.Bxd4 b5 12.O-O b4 13.Ne2 a5 14.a4 Bc6 15.Ng3 
e5 16.Be3 d5 17.Bg5 dxe4 18.Qxd8 Rfxd8 19.fxe4 Rd6 20.Rf3 h6 21.Be3 Be8 
22.Raf1 Rc8 23.h3 h5 24.Bg5 Rcc6 25.Kh2 Nh7 26.Be3 Bf6 27.Nh1 Bg5 28.Nf2 
Bxe3 29.Rxe3 Kg7 30.Nd3 f6 31.Rf2 h4 32.Bd5 Rc7 33.b3 Rc3 34.Ree2 Bc6 35.
Bxc6 Rdxc6 36.Nb2 Ng5 37.Nc4 R6xc4 38.bxc4 Rxc4 39.Rd2 Nxe4 40.Rd7+ Kh6 
41.Re2 Ng3 0-1

[Event "3rd VAM op"]
[Site "Hoogeveen NED"]
[Date "1999.10.22"]
[Round "8.14"]
[White "Vedder, Richard"]
[Black "Solleveld, Maarten"]
[Result "1/2-1/2"]
[WhiteElo "2234"]
[BlackElo "2404"]
[EventDate "1999.10.15"]
[PlyCount "70"]

1.Nf3 Nf6 2.b3 g6 3.Bb2 Bg7 4.e3 O-O 5.Be2 d6 6.O-O Nbd7 7.d3 e5 8.Nbd2 
Qe7 9.c4 Ng4 10.Ne1 Nh6 11.b4 f5 12.Nb3 g5 13.Rc1 Nf6 14.d4 e4 15.Qd2 Bd7 
16.b5 Rf7 17.c5 Be6 18.Na5 Bd5 19.cxd6 cxd6 20.Ba3 Rd8 21.Nc4 Qe6 22.Qa5 
b6 23.Qb4 Rc7 24.Nd2 Rxc1 25.Bxc1 Bxa2 26.Qa4 Rd7 27.Nc2 Bd5 28.Nb4 Ba8 
29.Bb2 Rc7 30.Rc1 Qc8 31.Rxc7 Qxc7 32.Na6 Qc8 33.Nb4 Qc7 34.Na6 Qc8 35.Nb4
Qc7 1/2-1/2

[Event "3rd VAM op"]
[Site "Hoogeveen NED"]
[Date "1999.10.22"]
[Round "8.16"]
[White "Van Delft, Merijn"]
[Black "Klinova, Masha"]
[Result "1/2-1/2"]
[WhiteElo "2323"]
[BlackElo "2359"]
[EventDate "1999.10.15"]
[PlyCount "131"]

1.e4 d6 2.d4 Nf6 3.Nc3 g6 4.Be3 a6 5.Qd2 b5 6.Bd3 Bb7 7.f3 Nbd7 8.a4 c6 9.
Nge2 Bg7 10.O-O O-O 11.Rfd1 Qc7 12.Nc1 e5 13.dxe5 dxe5 14.axb5 axb5 15.
Rxa8 Rxa8 16.Nb3 Bf8 17.Bf1 b4 18.Nb1 c5 19.c4 Be7 20.Qf2 Ra6 21.N1d2 Nh5 
22.Nc1 Nf4 23.Ndb3 Ne6 24.Nd3 Nd4 25.Nxd4 cxd4 26.Bd2 b3 27.Nb4 Ra4 28.Qe1
Bc5 29.Kh1 Nb6 30.Rc1 Qd6 31.Nd5 Ra2 32.Rb1 Ba6 33.Qd1 Nxd5 34.exd5 Qb6 
35.Bd3 f5 36.Qe2 Bd6 37.g4 fxg4 38.fxg4 Bc8 39.Qf3 Qa7 40.Rf1 Rxb2 41.c5 
Rxd2 42.cxd6 Qg7 43.Bb5 h5 44.d7 Bxd7 45.Bxd7 Qxd7 46.Qf8+ Kh7 47.Rf7+ 
Qxf7 48.Qxf7+ Kh6 49.Qf6 b2 50.g5+ Kh7 51.Qf7+ Kh8 52.Qf8+ Kh7 53.Qh6+ Kg8
54.Qxg6+ Kf8 55.Qf6+ Kg8 56.Qe6+ Kf8 57.Qf5+ Kg8 58.g6 Rf2 59.Qe6+ Kf8 60.
g7+ Kxg7 61.Qxe5+ Kf8 62.Qb8+ Kf7 63.Kg1 Rd2 64.Qf4+ Kg8 65.Qg5+ Kf8 66.
Qf6+ 1/2-1/2

[Event "3rd VAM op"]
[Site "Hoogeveen NED"]
[Date "1999.10.22"]
[Round "8.17"]
[White "Amesz, Jaap"]
[Black "Erwich, Frank"]
[Result "0-1"]
[WhiteElo "2217"]
[BlackElo "2196"]
[EventDate "1999.10.15"]
[PlyCount "78"]

1.d4 Nf6 2.c4 c5 3.d5 b5 4.cxb5 a6 5.bxa6 Bxa6 6.Nc3 d6 7.e4 Bxf1 8.Kxf1 
g6 9.Nf3 Bg7 10.g3 O-O 11.Kg2 Nbd7 12.Re1 Ra7 13.Qc2 Qa8 14.h3 Rb8 15.Re2 
Ne8 16.b3 Nc7 17.Bb2 Ne5 18.Nd2 e6 19.f4 Nd7 20.dxe6 fxe6 21.Kh2 Na6 22.a3
Nb4 23.axb4 Rxa1 24.Bxa1 Qxa1 25.Na4 Bd4 26.Nf3 Rxb4 27.Re1 Qa3 28.Rb1 
Rxa4 29.bxa4 Qxf3 30.a5 Bf2 31.Rb3 Bxg3+ 32.Kg1 Bf2+ 33.Kh2 Bg3+ 34.Kg1 
Bf2+ 35.Kh2 Be3 36.a6 Qxf4+ 37.Kg2 Qg5+ 38.Kf3 Ne5+ 39.Ke2 Qg2+ 0-1

[Event "3rd VAM op"]
[Site "Hoogeveen NED"]
[Date "1999.10.22"]
[Round "8.19"]
[White "Goloshchapov, Alexander"]
[Black "Gofshtein, Leonid D"]
[Result "0-1"]
[WhiteElo "2519"]
[BlackElo "2507"]
[EventDate "1999.10.15"]
[PlyCount "140"]

1.e4 d6 2.d4 Nf6 3.Nc3 g6 4.Be3 c6 5.Qd2 b5 6.f3 Nbd7 7.g4 Nb6 8.O-O-O b4 
9.Nb1 a5 10.a3 e6 11.Bd3 d5 12.axb4 axb4 13.Qe2 Na4 14.g5 Nh5 15.f4 Qa5 
16.Nf3 Nc3 17.bxc3 bxc3 18.Rdf1 Qa1 19.Qg2 Rb8 20.Nd2 Ba6 21.Kd1 Rxb1+ 22.
Ke2 Bxd3+ 23.cxd3 Rxf1 24.Qxf1 Qa6 25.Qb1 Be7 26.Nb3 dxe4 27.Rc1 O-O 28.
Rxc3 Rb8 29.Qc2 Bd6 30.Nd2 exd3+ 31.Qxd3 Nxf4+ 32.Bxf4 Qxd3+ 33.Kxd3 Bxf4 
34.Nf3 Rb6 35.Ke4 Bd6 36.h3 Kg7 37.Nd2 Be7 38.Nc4 Rb1 39.Ne5 Bxg5 40.Rxc6 
Re1+ 41.Kf3 Bf6 42.Nd3 Rh1 43.Nf2 Re1 44.Rc4 h5 45.Ra4 Rb1 46.Nd3 Rd1 47.
Ke2 Rg1 48.Kf3 g5 49.Nf2 Kg6 50.Rc4 Bg7 51.Ra4 h4 52.Rc4 Rg3+ 53.Ke2 Bf8 
54.Ra4 Ra3 55.Rxa3 Bxa3 56.Ke3 Bd6 57.Kf3 f5 58.Nd3 Kh5 59.Kg2 Kg6 60.Kf3 
Kf6 61.Ne1 Ke7 62.Nc2 Bf4 63.Nb4 Kd6 64.Ke2 g4 65.hxg4 fxg4 66.Nd3 h3 67.
Kf1 Bg3 68.Nb4 Bh2 69.Nc2 g3 70.Ne3 g2+ 0-1

[Event "3rd VAM op"]
[Site "Hoogeveen NED"]
[Date "1999.10.22"]
[Round "8.20"]
[White "Reinderman, Dimitri"]
[Black "Bosboom, Manuel"]
[Result "1-0"]
[WhiteElo "2525"]
[BlackElo "2476"]
[EventDate "1999.10.15"]
[PlyCount "75"]

1.e4 c5 2.Nf3 d6 3.d4 cxd4 4.Nxd4 Nf6 5.Nc3 a6 6.Bc4 e6 7.Bb3 b5 8.O-O Be7
9.Qf3 Qb6 10.Bg5 O-O 11.Rad1 b4 12.Na4 Qb7 13.Rfe1 Re8 14.c3 a5 15.Bc2 
Nbd7 16.Qg3 Bf8 17.f4 e5 18.fxe5 dxe5 19.Nf5 Kh8 20.Kh1 h6 21.Bc1 Qc7 22.
Bb3 Nh5 23.Qh4 Ndf6 24.Ne3 Nf4 25.Nd5 N6xd5 26.exd5 Bd7 27.c4 f5 28.Be3 
Rab8 29.c5 Bb5 30.d6 Qc6 31.Bxf4 exf4 32.Bd5 Rxe1+ 33.Qxe1 Qc8 34.b3 Bxa4 
35.bxa4 Qxc5 36.d7 Qe7 37.Be6 g6 38.Qe5+ 1-0

[Event "3rd VAM op"]
[Site "Hoogeveen NED"]
[Date "1999.10.22"]
[Round "8.22"]
[White "Van der Veen, Jan"]
[Black "Hendriks, Richard V"]
[Result "1/2-1/2"]
[WhiteElo "2090"]
[BlackElo "2145"]
[EventDate "1999.10.15"]
[PlyCount "20"]

1.e4 c5 2.Nf3 Nc6 3.d4 cxd4 4.Nxd4 e5 5.Nb5 d6 6.c4 Be7 7.N1c3 a6 8.Na3 
Nf6 9.Bd3 O-O 10.O-O Be6 1/2-1/2

[Event "3rd VAM op"]
[Site "Hoogeveen NED"]
[Date "1999.10.22"]
[Round "8.23"]
[White "Van Kooten, Luuk"]
[Black "De Jong, Migchiel"]
[Result "1/2-1/2"]
[WhiteElo "2331"]
[BlackElo "2317"]
[EventDate "1999.10.15"]
[PlyCount "43"]

1.d4 e6 2.c4 Bb4+ 3.Nd2 Nf6 4.g3 c5 5.Nf3 cxd4 6.Nxd4 Nc6 7.Nf3 d5 8.Bg2 
O-O 9.O-O e5 10.cxd5 Qxd5 11.Ng5 Qb5 12.Nde4 Nxe4 13.Bxe4 h6 14.Nh7 Rd8 
15.Bxc6 Qa5 16.Qc2 bxc6 17.Bxh6 gxh6 18.Nf6+ Kg7 19.Nh5+ Kg8 20.Nf6+ Kg7 
21.Nh5+ Kg8 22.Nf6+ 1/2-1/2

[Event "3rd VAM op"]
[Site "Hoogeveen NED"]
[Date "1999.10.22"]
[Round "8.24"]
[White "Moll, Arne"]
[Black "Porrasmaa, Timo"]
[Result "1-0"]
[WhiteElo "2172"]
[BlackElo "2152"]
[EventDate "1999.10.15"]
[PlyCount "78"]

1.e4 c5 2.Nf3 Nc6 3.d4 cxd4 4.Nxd4 g6 5.Nc3 Bg7 6.Be3 Nf6 7.f4 O-O 8.e5 
Ne8 9.Bc4 d6 10.O-O Nc7 11.Nxc6 bxc6 12.exd6 exd6 13.Bd4 Ne6 14.Bxe6 Bxe6 
15.Bxg7 Kxg7 16.Qd4+ Kg8 17.Ne4 Qb6 18.Rad1 Rfd8 19.Rf2 Qxd4 20.Rxd4 d5 
21.Nc5 Bf5 22.Re2 Re8 23.Rdd2 Rxe2 24.Rxe2 Rb8 25.c3 Rb5 26.Nb3 c5 27.Re8+
Kg7 28.Re5 Be6 29.c4 dxc4 30.Rxc5 Rb4 31.Nd4 Kf6 32.a3 Rxb2 33.Nxe6 Kxe6 
34.Rxc4 Rb7 35.Ra4 Kd5 36.Kf2 Kc5 37.f5 gxf5 38.Ra5+ Kc4 39.h4 Rb2+ 1-0

[Event "3rd VAM op"]
[Site "Hoogeveen NED"]
[Date "1999.10.22"]
[Round "8.25"]
[White "Smeets, Jan"]
[Black "Remmel, Tim"]
[Result "1-0"]
[WhiteElo "2193"]
[BlackElo "2201"]
[EventDate "1999.10.15"]
[PlyCount "61"]

1.e4 c5 2.Nf3 g6 3.d4 Bg7 4.Nc3 cxd4 5.Nxd4 Nc6 6.Be3 Nf6 7.Be2 O-O 8.O-O 
d5 9.exd5 Nxd5 10.Nxd5 Qxd5 11.Bf3 Qa5 12.Nxc6 bxc6 13.c3 Rb8 14.Qc1 Qc7 
15.b3 c5 16.Qa3 Bxc3 17.Rac1 Bb4 18.Qb2 Ba6 19.a3 Bxf1 20.Kxf1 Ba5 21.Rxc5
Qd8 22.Bh6 f6 23.Bd5+ Rf7 24.Qe2 Bb6 25.Qe6 Qe8 26.Rc6 Rd8 27.Bc4 Bd4 28.
Rc7 Bc3 29.g3 Rd1+ 30.Kg2 Qa8+ 31.Kh3 1-0

[Event "3rd VAM op"]
[Site "Hoogeveen NED"]
[Date "1999.10.23"]
[Round "9.3"]
[White "Tikkanen, Kari"]
[Black "Moll, Arne"]
[Result "1-0"]
[WhiteElo "2332"]
[BlackElo "2172"]
[EventDate "1999.10.15"]
[PlyCount "65"]

1.Nf3 e6 2.d4 b6 3.e4 Bb7 4.Bd3 c5 5.c3 Nf6 6.Qe2 Be7 7.O-O Nc6 8.a3 Na5 
9.Nbd2 c4 10.Bc2 Rc8 11.Ne5 O-O 12.f4 d5 13.Rb1 b5 14.f5 dxe4 15.Nxe4 Qd5 
16.Nxf6+ Bxf6 17.Ng4 Kh8 18.Ne3 Qd7 19.fxe6 Qxe6 20.Bf5 Qe7 21.Bxc8 Rxc8 
22.Bd2 Re8 23.Rbe1 Nb3 24.Qd1 Qe4 25.Nd5 Bxd5 26.Rxe4 Bxe4 27.Re1 Bh4 28.
g3 Bd8 29.Bf4 Bb6 30.Qh5 Re7 31.Qxb5 Na5 32.Qb4 Nc6 33.Rxe4 1-0

[Event "3rd VAM op"]
[Site "Hoogeveen NED"]
[Date "1999.10.23"]
[Round "9.4"]
[White "Visser, Yge"]
[Black "Goloshchapov, Alexander"]
[Result "1/2-1/2"]
[WhiteElo "2378"]
[BlackElo "2519"]
[EventDate "1999.10.15"]
[PlyCount "36"]

1.e4 e6 2.d3 d5 3.Nd2 c5 4.g3 Bd6 5.Bg2 Ne7 6.Ngf3 Nbc6 7.O-O O-O 8.Re1 b6
9.c3 Ba6 10.exd5 Nxd5 11.Ne4 Be7 12.d4 cxd4 13.Nxd4 Nxd4 14.Qxd4 h6 15.Qa4
Qc8 16.Nd2 Bb7 17.Nf3 Bf6 18.Qg4 Kh7 1/2-1/2

[Event "3rd VAM op"]
[Site "Hoogeveen NED"]
[Date "1999.10.23"]
[Round "9.5"]
[White "Van der Weide, Karel"]
[Black "Erwich, Marc"]
[Result "1-0"]
[WhiteElo "2434"]
[BlackElo "2059"]
[EventDate "1999.10.15"]
[PlyCount "61"]

1.f4 d5 2.b3 Nf6 3.e3 e6 4.Nf3 Be7 5.Bb2 O-O 6.Bd3 c5 7.Ne5 Qc7 8.Qf3 Nc6 
9.Nxc6 Qxc6 10.Nc3 a6 11.g4 b5 12.g5 Ne8 13.Qh3 g6 14.Qh6 f5 15.gxf6 Bxf6 
16.Rg1 Bg7 17.Bxg6 hxg6 18.Rxg6 d4 19.O-O-O Kf7 20.Qh7 dxc3 21.Bxc3 Ke7 
22.Bxg7 Rf7 23.f5 Qe4 24.Rxe6+ Qxe6 25.Qh4+ Nf6 26.fxe6 Rxg7 27.Rf1 Rg6 
28.e4 Kxe6 29.e5 Kxe5 30.Re1+ Kf5 31.Qf2+ 1-0

[Event "3rd VAM op"]
[Site "Hoogeveen NED"]
[Date "1999.10.23"]
[Round "9.6"]
[White "Solleveld, Maarten"]
[Black "Smeets, Jan"]
[Result "1/2-1/2"]
[WhiteElo "2404"]
[BlackElo "2193"]
[EventDate "1999.10.15"]
[PlyCount "55"]

1.e4 e5 2.Nf3 Nc6 3.Bb5 a6 4.Ba4 Nf6 5.O-O Nxe4 6.d4 b5 7.Bb3 d5 8.dxe5 
Be6 9.c3 Bc5 10.Nbd2 O-O 11.Bc2 Bf5 12.Nb3 Bb6 13.Nfd4 Nxd4 14.cxd4 a5 15.
f3 a4 16.Nc5 Nxc5 17.Bxf5 Ne6 18.Be3 g6 19.Bxe6 fxe6 20.Rc1 Qd7 21.Qc2 
Rac8 22.Qc6 Qxc6 23.Rxc6 Kf7 24.Kf2 Ke7 25.Ke2 Kd7 26.Rfc1 Rf5 27.Kd3 g5 
28.R6c2 1/2-1/2